Estatuto tributario de Bogot ̀

Bibliographic Details
Main Author: Chavarro Cadena, Jorge Enrique
Other Authors: Parra Ortiz, Harold Ferney
Format: eBook
Language:Spanish
Published: Bogot:̀ Grupo Editorial Nueva Legislacin̤, 2021
Subjects:
Online Access:Acceso restringido

MARC

LEADER 00000nam a22000007a 4500
005 2021112507067.0
007 cr|||| ||||
008 211125s2021 co |||||s|||| 00||0 spa d
020 |a 978-958-59514-5-7 
035 |a 35420 
040 |a vLex 
090 |c 12697  |d 12697 
100 1 |a Chavarro Cadena, Jorge Enrique 
245 1 0 |a  Estatuto tributario de Bogot ̀  |h [Recurso electrn̤ico] /  |c Jorge Enrique Chavarro Cadena, Harold Ferney Parra Ortiz 
256 |a Servicio en ln̕ea 
260 |a Bogot:̀  |b Grupo Editorial Nueva Legislacin̤,  |c 2021 
300 |a 1 recurso electrn̤ico 
506 1 |a Disponible solo en los productos indicados  |d vLex Global  |d vLex Global (Academic Edition, excluding Law Schools)  |d vLex Global (U.S. Academic Edition, Law Schools)  |d vLex Global (U.S. Academic Edition, excluding Law Schools)  |d vLex Global (Academic Edition, Law Schools) 
650 0 4 |a Derecho Fiscal  |z Colombia 
700 1 |a Parra Ortiz, Harold Ferney 
740 0 |a vLex Libros (Servicio en ln̕ea) 
856 4 0 |u https://app.vlex.com/#/sources/35420  |z Acceso restringido 
942 |c BOOK 
999 0 |a Tax Law